| 000 | 00817nam a22002177a 4500 | ||
|---|---|---|---|
| 003 | BUBTL | ||
| 008 | 230109b ||||| |||| 00| 0 eng d | ||
| 020 | _a9789849624769 | ||
| 082 | _a954.92/ N112r/ 2022 | ||
| 100 |
_95155 _aNabi, Nuran |
||
| 245 |
_aThe role of Nixon-Kissinger in the 1971 Pakistani war crimes against Bangladesh / _cNurun Nabi |
||
| 250 | _a1st Edn. | ||
| 260 |
_aDhaka: _bAnanya, _cc2022 |
||
| 300 |
_a174 p.: _c22 cm. |
||
| 505 | _aThe role of Nixon-Kissinger in the 1971 Pakistani war crimes against Bangladesh, Nixon-Kissinger, 1971, Pakistan, war crimes, Bangladesh, Nurun Nabi, Liberation War | ||
| 650 | 0 |
_94963 _aLiberation war |
|
| 650 | 0 |
_91755 _aমুক্তিযুদ্ধ |
|
| 856 |
_k0 _l0 _yDownload |
||
| 942 |
_2ddc _cBK |
||
| 999 |
_c6911 _d6911 |
||